Welcome to CU Library Online Public Access Catalogue (OPAC)

Econometric analysis of cross section and panel data / (Record no. 5841)

MARC details
000 -LEADER
fixed length control field 00675cam a2200205 a 4500
001 - CONTROL NUMBER
control field 16244410
005 - DATE AND TIME OF LATEST TRANSACTION
control field 20250519110324.0
008 - FIXED-LENGTH DATA ELEMENTS--GENERAL INFORMATION
fixed length control field 100520r20102002maua b 001 0 eng
020 ## - INTERNATIONAL STANDARD BOOK NUMBER
International Standard Book Number 9780262232586 (hardcover : alk. paper)
020 ## - INTERNATIONAL STANDARD BOOK NUMBER
International Standard Book Number 0262232588 (hardcover : alk. paper)
050 00 - LIBRARY OF CONGRESS CALL NUMBER
Classification number HB139
Item number .W663 2010
082 00 - DEWEY DECIMAL CLASSIFICATION NUMBER
Classification number 330.01/5195
Edition information 22
100 1# - MAIN ENTRY--PERSONAL NAME
Personal name Wooldridge, Jeffrey M.,
Dates associated with a name 1960-
245 10 - TITLE STATEMENT
Title Econometric analysis of cross section and panel data /
Statement of responsibility, etc. Jeffrey M. Wooldridge.
250 ## - EDITION STATEMENT
Edition statement 2nd ed.
260 ## - PUBLICATION, DISTRIBUTION, ETC.
Place of publication, distribution, etc. Cambridge, Mass. :
Name of publisher, distributor, etc. MIT Press,
Date of publication, distribution, etc. c2010.
300 ## - PHYSICAL DESCRIPTION
Extent xxvii, 1064 p. :
Other physical details ill. ;
Dimensions 24 cm.
650 #0 - SUBJECT ADDED ENTRY--TOPICAL TERM
Topical term or geographic name entry element Econometrics
General subdivision Asymptotic theory.
942 ## - ADDED ENTRY ELEMENTS (KOHA)
Source of classification or shelving scheme Library of Congress Classification
Koha item type Books
Suppress in OPAC No
999 ## -
-- 5841
-- 5841
Holdings
Withdrawn status Lost status Source of classification or shelving scheme Damaged status Not for loan Collection Home library Current library Shelving location Date acquired Total checkouts Full call number Barcode Date last seen Copy number Price effective from Koha item type
    Library of Congress Classification     Non-fiction Undergraduate Library (Christ Temple) Undergraduate Library (Christ Temple) General stacks 05/19/2025   HB139.W66 WOO ulct00002485 05/19/2025 1 05/19/2025 Books
© 2023-2024 Copyright: Central University Libraries. All Rights Reserved | Created by: Mahone Tech Office